| 000 | 00685nam a2200253Ia 4500 | ||
|---|---|---|---|
| 003 | OSt | ||
| 005 | 20220924120242.0 | ||
| 006 | a|||||r|||| 00| 0 | ||
| 007 | ta | ||
| 008 | 220923b |||||||| |||| 00| 0 urd d | ||
| 020 | _c3 | ||
| 024 | _a318782 | ||
| 037 | _cTextual | ||
| 040 |
_aARTS _cARTS _burd |
||
| 041 |
_2urd _aurd |
||
| 082 | _aO168,3NWA2,2, L0 | ||
| 100 |
_aSandelvi Wajahat Ali Au. _9181373 |
||
| 245 | 0 | _aBaat ka batangad | |
| 260 |
_aDelhi _bMaktaba Jamia ltd. India _c1970 |
||
| 300 |
_a213p. _ccm. |
||
| 650 |
_aURDU FICTION _93298 |
||
| 942 |
_hO168,3NWA2,2, L0 _cTEXL _2CC |
||
| 999 |
_c401987 _d401987 |
||